000 00672nmm a2200253 a 4500
003 AR-Y00000XR
005 20251128211952.0
008 117020s2006 ||||||||||||||000 | spa||
020 _a950-9051-75-6
040 _cAR-Y00000XR
100 1 _aMoyano, Daniel
245 1 0 _aLibro de navíos y borrascas
250 _a1ª ed.
260 _aBuenos Aires
_bGárgola
_c2006
300 0 _a414 p.
500 0 _aLibros distribuidos por el MECYT en el marco del PROMSE 2007
650 4 _aLITERATURA ARGENTINA
653 0 _aRELATOS DE VIAJES
653 0 _aNOVELA CONTEMPORANEA
653 0 _aNARRATIVA
655 _aLITERATURA
942 _cBK
998 _cme-solo cat
999 _c21844
_d21844